[Event "POL-ch Rapid U18 Girls"]
[Site "Bydgoszcz"]
[Date "2023.08.29"]
[Round "3"]
[White "Bukala, Weronika"]
[Black "Gaczol, Julia"]
[Result "1/2-1/2"]
[WhiteElo "1809"]
[BlackElo "1445"]
[PlyCount "79"]
[EventDate "2023.08.28"]
[EventType "swiss"]
[EventRounds "11"]
[EventCountry "POL"]
[SourceTitle "EXT 2024"]
[Source "ChessBase"]
[SourceDate "2023.10.10"]
[SourceVersion "1"]
[SourceVersionDate "2023.10.10"]
[SourceQuality "1"]

1. e4 c5 2. Nf3 d6 3. c3 Nf6 4. h3 Nc6 5. Bd3 e6 6. 0-0 Be7 7. Bc2 Qc7 8. Qe2 e5 9. Rd1 Qb6 10. Na3 Be6 11. d3 0-0 12. Bb1 Nd7 13. Be3 Qa6 14. Qe1 d5 15. d4 cxd4 16. cxd4 Bb4 17. Bd2 Bxd2 18. Rxd2 exd4 19. Ng5 Rfe8 20. Qd1 dxe4 21. Bxe4 Nf6 22. Bxc6 Qxc6 23. Nxe6 Rxe6 24. Rxd4 Rae8 25. Rc1 Qa6 26. Rd8 Qb6 27. Rcc8 h6 28. Rxe8+ Rxe8 29. Rxe8+ Nxe8 30. Nc4 Qc7 31. b3 b6 32. Qd5 Qe7 33. Ne5 Nc7 34. Qd4 Ne6 35. Qe4 Qc7 36. Qa8+ Kh7 37. Qe4+ Kg8 38. Qa8+ Kh7 39. Qe4+ Kg8 40. Qa8+ 1/2-1/2

[Event "POL-ch U18 Girls"]
[Site "Jastrzebia Gora"]
[Date "2023.??.??"]
[Round "5"]
[White "Gaczol, Julia"]
[Black "Anyz, Monika"]
[Result "1-0"]
[WhiteElo "1419"]
[BlackElo "1755"]
[PlyCount "149"]
[EventDate "2023.03.11"]
[EventType "swiss"]
[EventRounds "9"]
[EventCountry "POL"]
[SourceTitle "CBM 213 Extra"]
[Source "ChessBase"]
[SourceDate "2023.05.31"]
[SourceVersion "1"]
[SourceVersionDate "2023.05.31"]
[SourceQuality "1"]

1. e4 c5 2. Nf3 Nc6 3. Bb5 g6 4. 0-0 Bg7 5. c3 e5 6. d3 Nge7 7. Be3 Qb6 8. Na3 0-0 9. Qd2 d6 10. Bxc6 Nxc6 11. b4 Be6 12. Ng5 Qa6 13. Nxe6 fxe6 14. Nc2 cxb4 15. Nxb4 Nxb4 16. cxb4 d5 17. Rfc1 d4 18. Bg5 Rfc8 19. h4 Qa3 20. Rc4 b5 21. Rc2 Rc3 22. Qc1 Qxc1+ 23. Raxc1 Rac8 24. Rxc3 Rxc3 25. Rxc3 dxc3 26. a3 c2 27. Bc1 Bf6 28. g3 h6 29. Kf1 g5 30. h5 Kg7 31. g4 Bd8 32. Ke2 a5 33. Kd2 axb4 34. axb4 Bb6 35. f3 Bd4 36. Kxc2 Kf6 37. Kd2 Ke7 38. Ke2 Kf6 39. Be3 Bc3 40. Bc5 Kg7 41. Ke3 Kf7 42. d4 exd4+ 43. Bxd4 Bxb4 44. Kd3 Be1 45. Be5 Bf2 46. Bd6 Be1 47. Kd4 b4 48. Kc4 Bc3 49. f4 Bd2 50. fxg5 Bxg5 51. e5 Ke8 52. Bxb4 Kd7 53. Kd4 Kc6 54. Be1 Kd7 55. Ke4 Ke7 56. Bg3 Kf7 57. Bf4 Be7 58. Bxh6 Kg8 59. Kf4 Ba3 60. Ke4 Kh7 61. Be3 Be7 62. g5 Kg7 63. Kf4 Bb4 64. Kg4 Bc3 65. Bf4 Ba5 66. g6 Bd8 67. Bg5 Ba5 68. Bf6+ Kh6 69. g7 Kh7 70. h6 Bd2 71. Kh5 Bf4 72. g8Q+ Kxg8 73. Kg6 Bxh6 74. Kxh6 Kf7 75. Kh7 1-0

[Event "POL-ch U18 Girls"]
[Site "Jastrzebia Gora"]
[Date "2023.??.??"]
[Round "3"]
[White "Gaczol, Julia"]
[Black "Krzyzosiak, Anna"]
[Result "1-0"]
[WhiteElo "1419"]
[BlackElo "1503"]
[PlyCount "63"]
[EventDate "2023.03.11"]
[EventType "swiss"]
[EventRounds "9"]
[EventCountry "POL"]
[SourceTitle "CBM 213 Extra"]
[Source "ChessBase"]
[SourceDate "2023.05.31"]
[SourceVersion "1"]
[SourceVersionDate "2023.05.31"]
[SourceQuality "1"]

1. e4 c5 2. Nf3 d6 3. d4 cxd4 4. Nxd4 Nf6 5. Nc3 a6 6. Nb3 e5 7. Bg5 Be7 8. Bxf6 Bxf6 9. Qd3 Be6 10. 0-0-0 Be7 11. Nd5 Bxd5 12. Qxd5 Nc6 13. Kb1 Qc7 14. g3 0-0 15. f4 a5 16. a4 Nb4 17. Qc4 Qb6 18. c3 Rfc8 19. Qb5 Qe3 20. Qe2 Qxe2 21. Bxe2 Nc6 22. Rd5 exf4 23. gxf4 b6 24. Rb5 Rab8 25. Nd2 Bh4 26. Nc4 Rd8 27. Rxb6 Rxb6 28. Nxb6 Bf2 29. Nd5 Re8 30. Bb5 Rc8 31. Bxc6 Kf8 32. Bb5 1-0

[Event "POL-ch U18 Girls"]
[Site "Jastrzebia Gora"]
[Date "2023.??.??"]
[Round "1"]
[White "Gaczol, Julia"]
[Black "Nowak, Roksana"]
[Result "0-1"]
[WhiteElo "1419"]
[BlackElo "1816"]
[PlyCount "45"]
[EventDate "2023.03.11"]
[EventType "swiss"]
[EventRounds "9"]
[EventCountry "POL"]
[SourceTitle "CBM 213 Extra"]
[Source "ChessBase"]
[SourceDate "2023.05.31"]
[SourceVersion "1"]
[SourceVersionDate "2023.05.31"]
[SourceQuality "1"]

1. e4 c5 2. Nf3 d6 3. d4 cxd4 4. Nxd4 Nf6 5. Nc3 a6 6. h4 e5 7. Nb3 Be6 8. f4 exf4 9. Bxf4 Nc6 10. Qd2 Ne5 11. 0-0-0 Qc7 12. Kb1 Be7 13. Nd4 0-0 14. Nxe6 fxe6 15. g3 Rad8 16. Bh3 Neg4 17. h5 Qc4 18. Rhf1 h6 19. Rde1 Qc5 20. Bxg4 Nxg4 21. Rh1 b5 22. Qe2 Ne5 23. Be3 0-1

[Event "POL-ch U16 Girls"]
[Site "Sypniewo"]
[Date "2022.03.27"]
[Round "9"]
[White "Skolska, Emilia"]
[Black "Gaczol, Julia"]
[Result "1-0"]
[WhiteElo "1362"]
[BlackElo "1462"]
[PlyCount "49"]
[EventDate "2022.03.19"]
[EventType "swiss"]
[EventRounds "9"]
[EventCountry "POL"]
[SourceTitle "CBM 207 Extra"]
[Source "ChessBase"]
[SourceDate "2022.05.31"]
[SourceVersion "1"]
[SourceVersionDate "2022.05.31"]
[SourceQuality "1"]

1. e4 c5 2. Nc3 Nc6 3. f4 d6 4. Bb5 Bd7 5. Nf3 e6 6. 0-0 g6 7. d3 Bg7 8. Bd2 Nge7 9. Qe1 a6 10. Bxc6 Bxc6 11. Qh4 b5 12. Rab1 d5 13. Rfe1 d4 14. Nd1 0-0 15. g4 f5 16. Ng5 h6 17. Nxe6 Qd6 18. Nxf8 fxg4 19. Nxg6 Qxg6 20. Qxe7 g3 21. Qh4 Kh7 22. hxg3 Bf6 23. Qh3 Kg7 24. f5 Qh7 25. e5 1-0

[Event "POL-ch U16 Girls"]
[Site "Sypniewo"]
[Date "2022.03.21"]
[Round "3"]
[White "Oborska, Magda"]
[Black "Gaczol, Julia"]
[Result "1-0"]
[WhiteElo "1627"]
[BlackElo "1462"]
[PlyCount "85"]
[EventDate "2022.03.19"]
[EventType "swiss"]
[EventRounds "9"]
[EventCountry "POL"]
[SourceTitle "CBM 207 Extra"]
[Source "ChessBase"]
[SourceDate "2022.05.31"]
[SourceVersion "1"]
[SourceVersionDate "2022.05.31"]
[SourceQuality "1"]

1. e4 c5 2. Nf3 d6 3. d4 cxd4 4. Nxd4 Nf6 5. Nc3 a6 6. Be3 Ng4 7. Qd2 Nxe3 8. Qxe3 g6 9. g3 Bg7 10. Nde2 Qa5 11. Bg2 Nd7 12. 0-0 Rb8 13. Rab1 0-0 14. b4 Qb6 15. Nd5 Qd8 16. c4 b5 17. c5 dxc5 18. bxc5 Bb7 19. Rbc1 e6 20. Nb4 Ne5 21. c6 Nc4 22. Rxc4 bxc4 23. cxb7 Rxb7 24. a3 a5 25. Nc6 Qc7 26. e5 Rb3 27. Qc5 Re8 28. Qxa5 Qxa5 29. Nxa5 Rxa3 30. Nxc4 Ra2 31. Nc1 Rc2 32. Nd6 Rb8 33. Nd3 Rd2 34. Be4 Rb3 35. Nc5 Rb4 36. f4 Bf8 37. Ncb7 Rb6 38. Nc4 Rdb2 39. Nxb6 Rxb6 40. Rc1 Kg7 41. Rc7 Ra6 42. Nd8 Ra1+ 43. Kg2 1-0

[Event "POL-ch U16 Girls"]
[Site "Sypniewo"]
[Date "2022.03.20"]
[Round "2"]
[White "Gaczol, Julia"]
[Black "Mroz, Lena"]
[Result "1/2-1/2"]
[WhiteElo "1462"]
[BlackElo "1773"]
[PlyCount "75"]
[EventDate "2022.03.19"]
[EventType "swiss"]
[EventRounds "9"]
[EventCountry "POL"]
[SourceTitle "CBM 207 Extra"]
[Source "ChessBase"]
[SourceDate "2022.05.31"]
[SourceVersion "1"]
[SourceVersionDate "2022.05.31"]
[SourceQuality "1"]

1. e4 d6 2. d4 Nf6 3. Nc3 e5 4. dxe5 dxe5 5. Qxd8+ Kxd8 6. Bc4 Be6 7. Bxe6 fxe6 8. Bg5 Bd6 9. 0-0-0 Ke7 10. Nf3 a6 11. a3 Nbd7 12. Bh4 Rhf8 13. Rhe1 b5 14. Bg3 Rab8 15. Na2 Rb6 16. Kb1 Nh5 17. Nc1 Nxg3 18. hxg3 c5 19. b3 c4 20. Kb2 Rc6 21. Na2 Rfc8 22. b4 Nf6 23. c3 Ra8 24. Nh2 Rf8 25. Nc1 Bb8 26. Rd2 Rd8 27. Rxd8 Kxd8 28. Re2 Ke7 29. f3 Nh5 30. Nf1 Ba7 31. Rd2 Rc8 32. Kc2 Rf8 33. Kd1 Bb6 34. Ke1 Ra8 35. Ke2 a5 36. Ra2 axb4 37. axb4 Rxa2+ 38. Nxa2 1/2-1/2

[Event "POL-chT U20 2nd League"]
[Site "Sypniewo"]
[Date "2020.??.??"]
[Round "1.18"]
[White "Gaczol, Julia"]
[Black "Lajdamik, Anna"]
[Result "0-1"]
[WhiteElo "1360"]
[BlackElo "1292"]
[PlyCount "103"]
[EventDate "2020.10.23"]
[EventType "team-swiss"]
[EventRounds "9"]
[EventCountry "POL"]
[SourceTitle "CBM 199 Extra"]
[Source "ChessBase"]
[SourceDate "2021.01.31"]
[SourceVersion "1"]
[SourceVersionDate "2021.01.31"]
[SourceQuality "1"]

1. e4 c6 2. d4 d5 3. e5 c5 4. dxc5 e6 5. Be3 Nd7 6. Bb5 Ne7 7. c3 Nc6 8. Nf3 Bxc5 9. Bxc5 Nxc5 10. Nd4 Qb6 11. Nd2 0-0 12. Bxc6 bxc6 13. N2b3 Nxb3 14. Qxb3 c5 15. Qxb6 axb6 16. Nb5 f6 17. exf6 Rxf6 18. f3 Ba6 19. Nc7 Ra7 20. Nxa6 Rxa6 21. a3 b5 22. Rd1 b4 23. axb4 cxb4 24. cxb4 Rf4 25. b5 Rb6 26. Kf2 Rxb5 27. Rd2 Rfb4 28. Rb1 Kf7 29. Ke2 e5 30. Kd3 Rd4+ 31. Ke2 Rdb4 32. Kd3 Ke6 33. Kc3 Rb3+ 34. Kc2 d4 35. Rd3 R3b4 36. b3 Kd5 37. Re1 Rc5+ 38. Kb2 Rb6 39. Rc1 Rxc1 40. Kxc1 e4 41. fxe4+ Kxe4 42. Kd2 Ra6 43. Ke2 Ra2+ 44. Rd2 d3+ 45. Ke1 Ra1+ 46. Rd1 Ra3 47. Rb1 Ra2 48. b4 Rxg2 49. Kf1 Rxh2 50. Kg1 Rc2 51. Kf1 d2 52. Ke2 0-1

[Event "POL-chT U20 2nd League"]
[Site "Sypniewo"]
[Date "2020.??.??"]
[Round "2.42"]
[White "Konkol, Sandra"]
[Black "Gaczol, Julia"]
[Result "0-1"]
[WhiteElo "1235"]
[BlackElo "1360"]
[PlyCount "44"]
[EventDate "2020.10.23"]
[EventType "team-swiss"]
[EventRounds "9"]
[EventCountry "POL"]
[SourceTitle "CBM 199 Extra"]
[Source "ChessBase"]
[SourceDate "2021.01.31"]
[SourceVersion "1"]
[SourceVersionDate "2021.01.31"]
[SourceQuality "1"]

1. c4 c5 2. Nc3 Nf6 3. e4 Nc6 4. g3 g6 5. Bg2 Bg7 6. d3 0-0 7. Nge2 d6 8. 0-0 a6 9. f4 Rb8 10. a4 Ne8 11. f5 Nc7 12. g4 Nd4 13. Be3 b5 14. axb5 axb5 15. Bxd4 cxd4 16. Nxb5 Nxb5 17. cxb5 Rxb5 18. Qc2 Qb6 19. fxg6 hxg6 20. Ra8 Rxb2 21. Qc4 Be6 22. Rxf8+ Bxf8 0-1

[Event "POL-chT 2nd League"]
[Site "Jastrzebia Gora"]
[Date "2019.09.12"]
[Round "6.21"]
[White "Gaczol, Julia"]
[Black "Polak, Sylwia"]
[Result "0-1"]
[WhiteElo "1418"]
[BlackElo "1507"]
[PlyCount "94"]
[EventDate "2019.09.07"]
[EventType "team-swiss"]
[EventRounds "9"]
[EventCountry "POL"]
[SourceTitle "EXT 2020"]
[Source "ChessBase"]
[SourceDate "2019.10.17"]
[SourceVersion "1"]
[SourceVersionDate "2019.10.17"]
[SourceQuality "1"]
[WhiteTeam "Staniatki Goniec"]
[BlackTeam "Rzeszow RzKSz"]
[WhiteTeamCountry "POL"]
[BlackTeamCountry "POL"]

1. e4 c5 2. Nf3 e6 3. d4 cxd4 4. Nxd4 a6 5. c4 Qc7 6. Nc3 Nf6 7. a3 Be7 8. Be2 0-0 9. 0-0 d6 10. Be3 b6 11. Qd2 Bb7 12. f3 Nbd7 13. Rfc1 Rac8 14. a4 Ne5 15. a5 bxa5 16. Nb3 Nc6 17. Na4 Nd7 18. c5 Rfd8 19. Qe1 d5 20. exd5 Qe5 21. Qd2 exd5 22. Re1 d4 23. Bxd4 Nxd4 24. Qxd4 Qxd4+ 25. Nxd4 Nxc5 26. Nf5 Bf6 27. Nb6 Rc6 28. Nc4 g6 29. Ng3 a4 30. Ra2 Re6 31. Kf1 Bd5 32. Rc1 Bh4 33. Nh1 Rde8 34. b3 Nxb3 35. Rc3 Nd4 36. g3 Nxe2 37. Rcc2 Nd4 38. Rc1 Bf6 39. Nf2 Nxf3 40. Nd3 Bxc4 41. Rxc4 a3 42. Nb4 Bb2 43. Kg2 Ng5 44. Nd3 Re2+ 45. Kf1 Nf3 46. Rb4 Nxh2+ 47. Kg1 Bd4+ 0-1

[Event "POL-chT 2nd League"]
[Site "Jastrzebia Gora"]
[Date "2019.09.11"]
[Round "5.19"]
[White "Kindler, Karolina"]
[Black "Gaczol, Julia"]
[Result "1-0"]
[WhiteElo "1789"]
[BlackElo "1418"]
[PlyCount "99"]
[EventDate "2019.09.07"]
[EventType "team-swiss"]
[EventRounds "9"]
[EventCountry "POL"]
[SourceTitle "EXT 2020"]
[Source "ChessBase"]
[SourceDate "2019.10.17"]
[SourceVersion "1"]
[SourceVersionDate "2019.10.17"]
[SourceQuality "1"]
[WhiteTeam "Gdansk Korona"]
[BlackTeam "Staniatki Goniec"]
[WhiteTeamCountry "POL"]
[BlackTeamCountry "POL"]

1. Nf3 f5 2. b3 Nf6 3. Bb2 e6 4. c4 b6 5. g3 Bb7 6. Bg2 Be7 7. 0-0 Nc6 8. a3 a5 9. d4 0-0 10. Nc3 Na7 11. Qc2 Nh5 12. Rfd1 d6 13. b4 axb4 14. axb4 h6 15. Ng5 Qc8 16. Nxe6 Rf7 17. d5 c6 18. Na4 Bd8 19. Nxd8 Qxd8 20. dxc6 Bxc6 21. Bxc6 Nxc6 22. Qd2 Raa7 23. Bc3 f4 24. Qd5 fxg3 25. hxg3 Nxg3 26. fxg3 Ne7 27. Qxd6 Qxd6 28. Rxd6 Nf5 29. Rd8+ Kh7 30. Rd3 Rab7 31. g4 Ne7 32. Rf3 Nc8 33. Rxf7 Rxf7 34. Rf1 Rc7 35. Rf4 Ra7 36. Nb2 Ra1+ 37. Kf2 Ra7 38. Be5 Rd7 39. Na4 Ra7 40. Nc3 Rb7 41. Nb5 Re7 42. Bd4 Rd7 43. e3 Rd8 44. Rf7 Rg8 45. Rb7 Rf8+ 46. Ke2 Rg8 47. Bxb6 Nxb6 48. Rxb6 Re8 49. c5 Rc8 50. c6 1-0

[Event "POL-chT 2nd League"]
[Site "Jastrzebia Gora"]
[Date "2019.09.10"]
[Round "4.20"]
[White "Leszner, Liliana"]
[Black "Gaczol, Julia"]
[Result "1/2-1/2"]
[WhiteElo "1986"]
[BlackElo "1418"]
[PlyCount "90"]
[EventDate "2019.09.07"]
[EventType "team-swiss"]
[EventRounds "9"]
[EventCountry "POL"]
[SourceTitle "EXT 2020"]
[Source "ChessBase"]
[SourceDate "2019.10.17"]
[SourceVersion "1"]
[SourceVersionDate "2019.10.17"]
[SourceQuality "1"]
[WhiteTeam "Plock Stowarzyszenie"]
[BlackTeam "Staniatki Goniec"]
[WhiteTeamCountry "POL"]
[BlackTeamCountry "POL"]

1. e4 c5 2. Nc3 Nc6 3. g3 g6 4. Bg2 Bg7 5. d3 d6 6. Be3 Rb8 7. Qd2 b5 8. Nge2 b4 9. Nd1 Nd4 10. 0-0 Bd7 11. c3 bxc3 12. bxc3 Nxe2+ 13. Qxe2 Nf6 14. h3 0-0 15. f4 Qc8 16. Kh2 Qa6 17. Rc1 Rb6 18. f5 Rfb8 19. fxg6 fxg6 20. e5 Ne8 21. exd6 exd6 22. Bd5+ Kh8 23. Rf7 Nf6 24. Bc4 Qc8 25. Bg5 Ng8 26. Qf2 Be6 27. Rxa7 d5 28. Bb3 c4 29. dxc4 dxc4 30. Bc2 Bxh3 31. Be4 Qe6 32. Qf7 Qxf7 33. Rxf7 Be6 34. Rf2 Nh6 35. Ne3 Nf7 36. Bf4 Re8 37. Nd5 Bxd5 38. Bxd5 Ne5 39. Bxe5 Bxe5 40. Bxc4 Rc8 41. Bb3 Rxc3 42. Rxc3 Bxc3 43. Rf7 Rf6 44. Rxf6 Bxf6 45. g4 Kg7 1/2-1/2